Mario Tennis Aces Charaktere - Statistiken

Allgemein
  • Dieses Quiz wurde 78 mal gespielt
  • Das Durchschnittsergebnis liegt bei 17 aus 30
Antwortstatistiken
Antwort % Korrekt
Luigi
98%
Mario
98%
Peach
95%
Bowser
90%
Wario
90%
Waluigi
89%
Daisy
85%
Toad
84%
Yoshi
74%
Bowser Jr.
69%
Donkey Kong
69%
Koopa Troopa
69%
Rosalina
66%
Toadette
65%
Knochentrocken
60%
Buu Huu
56%
Diddy Kong
55%
Birdo
53%
Shy Guy
52%
Kettenhund
35%
Kamek
34%
Pauline
32%
Petey Piranha
32%
Koopa Paratroppa
27%
Luma
27%
Knochenbowser
26%
Spike
26%
Blooper
19%
Bum Bum
16%
Feuer Piranha-Pflanze
11%
Keine übereinstimmenden Quizze gefunden
Verteilung der Resultate
Anzahl Personen mit jedem Resultat
Perzentil nach korrekt beantworteten Fragen
Ihre Resultats-Entwicklung
Sie haben dieses Quiz noch nicht gespielt